Normal view
MARC view
Entry Término temático
001 - NÚMERO DE CONTROL
- campo de control: 50281
003 - IDENTIFICADOR DEL NÚMERO DE CONTROL
- campo de control: OSt
005 - FECHA Y HORA DE LA ÚLTIMA TRANSACCIÓN
- campo de control: 20240827103033.0
008 - DATOS DE LONGITUD FIJA
- campo de control de longitud fija: 240827|| aca||aabn | a|a d
040 ## - FUENTE DE LA CATALOGACIÓN
- Centro catalogador/agencia de origen: OSt
- Centro/agencia transcriptor: OSt
150 ## - ENCABEZAMIENTO--TÉRMINO DE MATERIA
- Término de materia o nombre geográfico como elemento de entrada: Técnicas psicoterapéuticas
670 ## - FUENTE DE DATOS ENCONTRADOS
- Cita de la fuente: Work cat.: (OSt): Frezza, Elena 50280, FOCUS IN : , 2021